| 000 | 01237 a2200253 4500 | ||
|---|---|---|---|
| 003 | NUST | ||
| 005 | 20221121133439.0 | ||
| 010 | _a 81016491 | ||
| 020 | _a0471098663 | ||
| 040 | _cNust | ||
| 082 | 0 | 0 | _a515.353,LAP |
| 100 | 1 |
_aLapidus, Leon. _978786 |
|
| 245 | 1 | 0 |
_aNumerical solution of partial differential equations in science and engineering / _cLeon Lapidus, George F. Pinder. |
| 260 |
_aNew York : _bWiley, _cc1982. |
||
| 300 |
_a677 p. : _bill. ; _c24 cm. |
||
| 505 | _aFundamental Concepts (Page-1), Basic Concepts In The Finite Difference And Finite Elements Methods (Page-34), Finite Elements On Irregular Subspaces (Page-109), Parabolic Partial Differential Equations (Page-149), Elliptic Partial Differential Equations (Page-355), Hyperbolic Partial Differential Equations (Page-486). | ||
| 650 | 0 |
_aDifferential equations, Partial _xNumerical solutions. _939293 |
|
| 650 | 0 | _aEngineering mathematics. | |
| 650 | 0 |
_aScience _xMathematics. _910516 |
|
| 700 | 1 |
_aPinder, George Francis, _d1942- _9102446 |
|
| 856 | 4 | 2 |
_3Publisher description _uhttp://www.loc.gov/catdir/description/wiley032/81016491.html |
| 856 | 4 | 2 |
_3Table of Contents _uhttp://www.loc.gov/catdir/toc/onix03/81016491.html |
| 942 |
_2ddc _cBK _k515.353,LAP |
||
| 999 |
_c181964 _d181964 |
||